skbl

Dr Suryya Kumar Bhuyan Library Web-OPAC
ডঃ সূৰ্য্য
কুমাৰ ভূঞা পুথিভঁৰাল ৱেব-অ'পেক

All Research Scholars are advised to clear the annual library fees to continue using Library Resources, Remote Access, Plagiarism Test and Library Clearance.

Cotton University Book Fair 2026

Premchand Aur Unki Yog (Record no. 65117)

MARC details
000 -LEADER
fixed length control field 00507nam a2200193Ia 4500
001 - CONTROL NUMBER
control field 64017
008 - FIXED-LENGTH DATA ELEMENTS--GENERAL INFORMATION
fixed length control field 191102n ii |||gr||||Z||||||hin
020 ## - INTERNATIONAL STANDARD BOOK NUMBER
International Standard Book Number 9788126705047
082 ## - DEWEY DECIMAL CLASSIFICATION NUMBER
Classification number 891.43309
100 ## - MAIN ENTRY--PERSONAL NAME
Personal name Sarmah,Ram Bilas .
245 #0 - TITLE STATEMENT
Title Premchand Aur Unki Yog
Statement of responsibility, etc. By Ram Bilas Sarmah
Medium Textual Documents
250 ## - EDITION STATEMENT
Edition statement Rev Edn.
260 ## - PUBLICATION, DISTRIBUTION, ETC.
Place of publication, distribution, etc. Delhi
Name of publisher, distributor, etc. Rajkamal prakashan
Date of publication, distribution, etc. 2018.
300 ## - PHYSICAL DESCRIPTION
Extent 283pg:
Dimensions 23cm.
653 ## - INDEX TERM--UNCONTROLLED
Uncontrolled term Hindi
653 ## - INDEX TERM--UNCONTROLLED
Uncontrolled term Premchand Aur Unki Yog
653 ## - INDEX TERM--UNCONTROLLED
Uncontrolled term G-Hindi
942 ## - ADDED ENTRY ELEMENTS (KOHA)
Source of classification or shelving scheme Dewey Decimal Classification
Koha item type Books
Holdings
Withdrawn status Lost status Damaged status Not for loan Collection Home library Current library Shelving location Date acquired Cost, normal purchase price Total checkouts Full call number Barcode Date last seen Copy number Price effective from Koha item type
          Dr. Suryya Kumar Bhuyan Library Dr. Suryya Kumar Bhuyan Library   02/11/2019 795.00   891.43309 Sh 61 Pr 1168/cu 14/01/2024 1 02/11/2019 Books

Designed and Maintained by Team SKBL
©1901-2026

Powered by Koha